000 01416naa a22003737a 4500
001 BR7908108
003 BR-BrBNA
005 20240918174524.0
007 ta
008 230509b bl.||||| |||| 00| 0 por d
040 _aBR-BrBNA
_bpor
_cBiblioteca Nacional de Agricultura
041 _a(Pt)
072 _aF00
_b0150
_b3530
_bG514
090 _aF00 BR7908108
100 1 _aTokunaga, T.
100 1 _aReis, F.E. de S.
100 1 _aPereira, J.B.A.
100 1 _aMarchi, L. de O. dos S.
100 1 _aAbreu, W.V. de
111 1 _a1. Reuniao de Tecnicos em Rizicultura do Estado de Sao Paulo
_cCampinas, SP (Brazil)
_d5 Mar 1979
245 1 _aDados de observacoes preliminares sobre a producao de mudas de arroz (Oryza sativa L.), cultivar IR-841-63-5L-9-33, em canteiros com irrigacao intermitente [Sao Paulo, Brasil]
260 3 _aCampinas, SP (Brasil):
_c1979.
500 _aAnais da 1. Reuniao de Tecnicos em Rizicultura do Estado de Sao Paulo Campinas, SP (Brasil): 1979. p. 351-356 (BR7908108-AM)F00
650 _aARROZ
650 _aVARIEDADE
650 _aMUDA
650 _aCULTURA IRRIGADA
650 _aTRANSPLANTE DE PLANTA
650 _aRENDIMENTO
650 _aSAO PAULO
773 0 _tAnais da 1. Reuniao de Tecnicos em Rizicultura do Estado de Sao Paulo
_wF00 BR7908108
_gCampinas, SP (Brasil), 1979. p. 351-356
909 _a202404
_bLucia
_c55
_dLucia Elande
942 _cAM
_2AGRIS
999 _c311757
_d311757